Language Quiz

Random Language or Italian Quiz

Italian Verbs Quiz Stats

 Plays Quiz Updated Feb 7, 2020

Support Sporcle.
Go Orange.
Score 0/52 Timer 05:00
2 Plays Today
English Italian % Correct
to eatmangiare
88.7%
to arrivearrivare
86.1%
to do, to makefare
84.1%
to studystudiare
82.9%
to goandare
82.3%
to beessere
80.9%
to sleepdormire
80.6%
to talk, to speakparlare
79.3%
to listen toascoltare
78.1%
to haveavere
77.8%
to play (a game)giocare
77.4%
to finishfinire
77.3%
to writescrivere
77.2%
to paypagare
75.8%
to drinkbere
74.9%
to worklavorare
74.6%
to comevenire
74.4%
to readleggere
71.3%
to preferpreferire
70.8%
to danceballare
69.2%
to understandcapire
69%
to leave a place, to exit, to go out (with others)uscire
66%
to openaprire
65%
to washlavare
63.7%
to takeprendere
63.6%
to eat dinnercenare
63%
English Italian % Correct
to look at, to watchguardare
60%
to cleanpulire
59.7%
to cookcucinare
59%
to givedare
58.9%
to say, to telldire
58.8%
to eat lunchpranzare
55.1%
to serveservire
53%
to know (a fact)sapere
53%
to be, to stay, to remainstare
52.9%
to closechiudere
52.8%
to runcorrere
51.8%
to know (a person, place)conoscere
51.2%
to begininiziare
50.9%
to returntornare
49.8%
to forgetdimenticare
49.6%
to play (an instrument)suonare
48.7%
to swimnuotare
46.7%
to look forcercare
46.6%
to travelviaggiare
44.9%
to skisciare
42%
to practicepraticare
40.9%
to praypregare
33.9%
to attendfrequentare
30.9%
to explainspiegare
29.5%
to paintdipingere
27.4%
to go back inrientrare
21.8%

From the Vault

Click the American Actors

by Skint1987

Movies 5m
Careful, those Canadian actors are gosh-darn sneaky.
Remove Ads.
Support Sporcle.
Get the best of Sporcle when you Go Orange. This ad-free experience offers more features, more stats, and more fun while also helping to support Sporcle. Thank you for becoming a member.

Show Comments

Extras

Top Quizzes Today


Score Distribution

Your Account Isn't Verified!

In order to create a playlist on Sporcle, you need to verify the email address you used during registration. Go to your Sporcle Settings to finish the process.

Report this User

Report this user for behavior that violates our Community Guidelines.

Details: